000 00712nam a22001817a 4500
001 10095
003 FISKH
005 20260408100127.0
008 260408b cb ||||| |||| 00| 0 eng d
040 _aFISKH
_bchi
_cFISKH
_dFISKH
082 _a567
100 _a真鍋 真
245 _a 「恐竜のせかい」/
_c真鍋 真
300 _a14 unnumbered pages :
_bcolor illustrtions ;
_c18 cm .
520 _a《恐龙的世界》由真鍋真主编,是一本恐龙科普书。内容介绍了恐龙的起源、演化、生活习性及灭绝原因,并结合化石研究讲解科学发现。书中图文丰富,适合青少年和对古生物感兴趣的读者。
942 _2ddc
_cBOOK
_n0
999 _c10095
_d10095